Statistics for Jeopardy #8571

Click here to take the quiz!

General Stats

  • This quiz has been taken 21 times
  • The average score is 9 of 60

Answer Stats

CategoryCashClueAnswer% Correct
AIR$200Title VI of the Clean Air Act is "stratospheric" this layer " protection "ozone
75%
THE WORD SERIES$600This word follows "legal" on the obverse of a dollar billtender
67%
THE WRATH OF KHAN$600A shah paid the ultimate price after going back on his word to allow Genghis to trade on this legendary routethe Silk Road
67%
MIXED BAGS$400One of these from the Scottish Highlands has 2 tenor drones & a single bass onebagpipes
58%
& THEN TO THE OPERA HOUSE!$200Have a g'day at this city's Taronga Zoo, opened in 1884, then have a g'night at the opera houseSydney
58%
MIXED BAGS$200This capacious canvas item symbolizes commitment to your local NPR stationa tote bag
42%
THE WORD SERIES$200A proverb says, "A nod is as good as" one of these "to a blind horse"a wink
42%
MIXED BAGS$800A bouquet garni used by chefs is usually made from this fabric with a dairy product in its namecheesecloth
42%
& THEN TO THE OPERA HOUSE!$800Meet up in Yitzhak Rabin Square & enjoy the Israeli opera at the performing arts centre in this 2-word cityTel Aviv
42%
THE WRATH OF KHAN$400The Tangut people, related to those of this "roof of the world" region, had a nice little kingdom in NW China until Genghis came alongTibet
42%
& THEN TO THE OPERA HOUSE!$400Enjoy the 360-degree views in the Atomium built for Expo 58 in this Belgian Capital & then the music in its De Munt National Opera HouseBrussels
33%
THE WORD SERIES$400The presidential oath of office: "preserve, protect and" this verb "the Constitution of the United States"defend
33%
POP CULTURE "EAST" & "WEST"$2002 New York City gangs sing & dance in this top-grossing film of 1961West Side Story
33%
AIR$800Up high, it's a downdraft that affects flight; underwater, it's a breathable zone where some have survived for daysan air pocket
25%
INTERNATIONAL AIRLINES$400Aer Lingus has a hub & its headquarters in this capital cityDublin
25%
ANGELS & DEMONS & INSURANCE AGENTS$400The name of this motorcycle club founded in 1948 had been used during World War II by bomber crewsHells Angels
25%
INTERNATIONAL AIRLINES$800This German airline began flying in April 1955Lufthansa
25%
THE WORD SERIES$1000Hamlet ponders taking up "arms against a sea of" thesetroubles
25%
THE WRATH OF KHAN$200"X" marks this spot where the Great Khan held a debate between Daoists & Buddhists, forcing the former to convertXanadu
25%
INTERNATIONAL AIRLINES$1600The name of this Russian airline comes from words meaning "air fleet"Aeroflot
17%
AIR$600To reduce head injuries in kids, keep the air pressure of these items low, maybe below the 14 psi max for U.S. prossoccer balls
17%
THE WRATH OF KHAN$1000Batu Khan, while leading this legendary troop of the Mongol Empire, sacked & burned Kiev in 1240the Golden Horde
17%
AIR$400Among other things, TLC stands for this; 6 liters of air is a healthy measurementtotal lung capacity
17%
POP CULTURE "EAST" & "WEST"$400Yul Brynner wore the black hat in this 1973 movie; Ed Harris is a different man in black on the TV seriesWestworld
17%
INTERNATIONAL AIRLINES$1200Dozens of flight attendants stripped off their uniforms in a Rome square to protest this airline's October 2021 demiseAlitalia
8%
THE WORD SERIES$800Henry Traute of the Diamond Match Co. came up with this 4-word phrase that begins with "close cover", printed billions of timesbefore striking
8%
& THEN TO THE OPERA HOUSE!$600Get your rodeo on during the 10 days of its stampede & also mosey over to the Mamdani Opera CentreCalgary
8%
PHOTOGRAPHERS$400Margaret Bourke-White's pic of Fort Peck Dam was the first cover of this Henry Luce magazine that covered, well... everythingLife
8%
MIXED BAGS$600As a noun, it's an object used to fortify structures; as a verb, it means to deceive by masking one's skill in a contestsandbag
8%
ANGELS & DEMONS & INSURANCE AGENTS$1200Taking a break from Nine Inch Nails, he formed How to Destroy Angels & married a bandmate(Trent) Reznor
8%
& THEN TO THE OPERA HOUSE!$1000This Po River city's Santa Sindone Chapel houses a famous linen; there's great opera at its Teatro RegioTurin
8%
INTERNATIONAL AIRLINES$2000Sheikh Mohammed bin Rashid Al Maktoum of Dubai wanted to start an airline & this name was chosen for it in 1984Air Emirates
0%
PHOTOGRAPHERS$2000In 1935 this photographer from San Francisco used his own pics to create a guide called "Making a Photograph"Ansel Adams
0%
CANNES$400Holly Hunter won Best Actress for a film titled for this instrument, & Isabelle Huppert won for a film in which she taught ita piano
0%
PROSE$1600This "sanguine" novel by Cormac McCarthy describes the villainous Judge Holden as "a great shambling mutant"Blood Meridian
0%
PHOTOGRAPHERS$1600Pennsylvania Avenue in D.C. looked a little different in May 1865 in a photo credited to this manBrady
0%
PROSE$800Milan Kundera wrote "The Unbearable Lightness of Being" in this language, but later started writing novels in FrenchCzech
0%
POP CULTURE "EAST" & "WEST"$1000Danny McBride was ex-Major Leaguer Kenny Powers on this HBO seriesEastbound & Down
0%
POP CULTURE "EAST" & "WEST"$800The Trask at hand is knowing James Dean starred in this 1955 filmEast of Eden
0%
POP CULTURE "EAST" & "WEST"$600In a 2018 summer tune, "She used to meet me" here, "in the city where the sun don't set"Eastside
0%
PHOTOGRAPHERS$1200Walter Iooss took a classic shot of reporters including Brent Musburger around this Jets QB lounging poolside before Super Bowl 3(Joe) Namath
0%
PROSE$1200James McBride's "The Good Lord Bird" finds the young enslaved Henry joining this abolitionist at Harpers FerryJohn Brown
0%
PHOTOGRAPHERS$800In Depression-era America, Dorothea Lange took the alliterative "Migrant" this seen hereMother
0%
WORDS WITH NUMBERS IN THEM$1600As an adjective, it means "former"; as a sports verb, it's to shoot when a pass reaches you without pausingone-time
0%
CANNES$2000This 2007 Jury Prize winner was an animated feature based on Marjane Satrapi's graphic novel about an Iranian girlPersepolis
0%
WORDS WITH NUMBERS IN THEM$1200They're the delicious little cakes seen herepetit fours
0%
ANGELS & DEMONS & INSURANCE AGENTS$2000A demon in early English folklore, it became the name of a character in a Shakespeare comedyPuck
0%
AIR$1000The dew point is reached when this 2-word measurement for the air reaches 100%relative humidity
0%
CANNES$1600A winner at Cannes was the 1998 film called "La vita è bella", directed by this Italian, who also starred(Roberto) Benigni
0%
MIXED BAGS$1000These bags, such as the model 1859 McClellan ones, were issued to U.S. Army Cavalrysaddlebags
0%
ANGELS & DEMONS & INSURANCE AGENTS$800Your agent assures you that even though this company's name isn't on Seattle's ballpark anymore, your policy is as secure as it soundsSafeco
0%
WORDS WITH NUMBERS IN THEM$2000Derived from seeds of the Nux vomica tree, this poison is often used in rodent controlstrychnine
0%
PROSE$400Louis Chu's novel of Manhattan's Chinatown is titled "Eat a Bowl of" this beveragetea
0%
WORDS WITH NUMBERS IN THEM$8007-letter adjective describing a weak grasp of a situation or a thin lead in a gametenuous
0%
ANGELS & DEMONS & INSURANCE AGENTS$1600The agent explains whole life insurance costs more than this 4-letter kind with benefits that expire after you survive 10, 20 or 30 yearsterm
0%
CANNES$1200Trees like those seen here on the Promenade de la Croisette inspired this name of Cannes' top prize, first awarded in 1955the Palme d\'Or
0%
CANNES$800It won top prize in 1949 & a 2015 restoration also played Cannes in the centenary year of Orson Welles, who played Harry LimeThe Third Man
0%
TOYS & GAMESN/AIts co-creator said adding an "L" to the end of the 1st word in the original title of this board game invented in 1979 "made it"Trivial Pursuit
0%
WORDS WITH NUMBERS IN THEM$400Ponderous or heavyweighty
0%
PROSE$2000She's the 18th century author of "Mary, A Fiction" & "A Vindication of the Rights of Woman"Wollstonecraft
0%

Score Distribution

Percentile by Number Answered

Percent of People with Each Score

Your Score History

You have not taken this quiz